000 00619nam a2200229Ia 4500
003 OSt
005 20221007081132.0
006 a|||||r|||| 00| 0
007 ta
008 221006b |||||||| |||| 00| 0 eng d
024 _a27,632
037 _cTextual
040 _aFLL
_cFLL
_beng
041 _2eng
_aeng
082 _aZ730t572:6, J7
100 _aPhilip Allan
_9696504
245 0 _aAmerican-Danish private international law
260 _aNew York
_bOceana Publications New
_c1957
300 _a80p
_ccm.
942 _hZ730t572:6, J7
_cTEXL
_2CC
999 _c1162153
_d1162153